| 000 | 00933cam7a220026500 4500 | ||
|---|---|---|---|
| 001 | lce00767602 | ||
| 008 | 740103s1973 enk b 001 0 eng | ||
| 010 | _a 72008604 //r89 | ||
| 015 | _aGB*** | ||
| 020 |
_a0471408638 _a0471408646 (pbk.) |
||
| 035 | _a(Sirsi) r54304 | ||
| 035 | _a(DLC) 72008604 //r89 | ||
| 035 | _a(UPRA)lce00767602 | ||
| 040 | _dICU | ||
| 050 | 0 |
_aQH505 _b.H56 1973 |
|
| 082 | _a574.1/91 | ||
| 100 | 1 |
_aHolwill, M. E. J. (Michael E. J.) _qHolwill, M. E. J. (Michael E. J.) _6A13024.1 |
|
| 245 | 1 | 0 |
_aIntroduction to biological physics _c[by] M. E. J. Holwill and N. R. Silvester. |
| 260 |
_aLondon, New York, _aLondon, New York, _bJ. Wiley _c[1973] |
||
| 504 | _aIncludes bibliographies. | ||
| 650 | 0 |
_aBiophysics. _6S8766.1 |
|
| 700 | 1 |
_aSilvester, N. R. (Norman R.). _qSilvester, N. R. (Norman R.). _6A13025.1 |
|
| 949 |
_aQH505 _wlcc _i33729000328158 _mMAIN _p2500 _tBOOK _lON-SHELF |
||
| 004 | 54304 | ||
| 999 |
_c140513 _d140514 |
||